00853cam8a220019300 4500001001200000003000500012005001700017008004100034035001900075035002200094040000900116100002800125245021800153260008200371650013600453949004700589004000600636999001700642tmp15727953UPRA20190814132259.0951013s1973 sz eng u a(Sirsi) r24185 a(UPRA)tmp15727953 cUPRA1 aBtesh, Simon.6A26884.110aDiseases of the gastrointestinal tract :bprovisional international nomenclature : a list of names of diseases recommended for international use as a compliment to the WHO international classification of diseases. aGeneva :bCouncil for International Organizations of Medical Sciences,c1973. 0aIntestines -- Diseases -- Nomenclature.xIntestines -- Diseases -- Nomenclature.xIntestines -- Diseases -- Nomenclature.6S62203.1 aRC860wLCi-23730mMEDICALtBOOKlON-SHELF24185 c55838d55838